• 首页
  • 本馆介绍
  • 公告通知
  • 最新文献
  • 馆藏检索
  • 电子资源
  • 读者导购
  • 参考咨询
  • 我的图书馆
  • 登录
  • 详细信息显示
  • 放入我的书架
  • 预约/预借图书
  • 作者相关作品
  • 分类相关作品
  • 丛书相关作品
  • 出版社相关作品

书目信息

  • 表格格式
  • 工作单格式
  • 卡片格式
题名:
中药材采收加工学
    
 
作者: 秦民坚 , 郭玉海 主编
分册:  
出版信息: 北京   中国林业出版社  2008
页数: 302页
开本: 26cm
丛书名:
单 册:
中图分类: R282.4
科图分类:
主题词: 中药材--采集--高等学校--教材 , 中草药加工--高等学校--教材
电子资源:
ISBN: 978-7-5038-4947-3
000 01143nam0 2200265 45
001 1050662781
005 20100420093508.09
010    @a978-7-5038-4947-3@dCNY31.00
100    @a20100408d2008 em y0chiy0110 ea
101 0  @achi
102    @aCN@b110000
105    @ay z 000yy
106    @ar
200 1  @a中药材采收加工学@AZhong Yao Cai Cai Shou Jia Gong Xue@f秦民坚,郭玉海主编@FQin Min Jian, Guo Yu Hai Zhu Bian
210    @a北京@c中国林业出版社@d2008
215    @a302页@d26cm
300    @a普通高等教育“十一五”国家级规划教材 高等院校中药和药用植物类专业系列教材
330    @a全书共分16章。前8章分别为绪论,中药材采收的理论基础,中药材产地初加工理论,中药材净制的方法及设备,中药材切制的方法及设备,中药材烘干方法及设备,中药材的包装、贮藏和运输,中药材提取物。第9-16章分另是根和根茎类、全草类、花类、果实种子类、皮类、菌类、动物类、矿物和树脂类药材的采收加工技术。
606 0  @a中药材@x采集@x高等学校@j教材
606 0  @a中草药加工@x高等学校@j教材
690    @aR282.4@v4
701  0 @a秦民坚@AQin Min Jian@4主编
701  0 @a郭玉海@AGuo Yu Hai@4主编
801  0 @aCN@bTANGWEI@c20100420
905    @b0589233-37@dR282.4@e262@f5
    
    中药材采收加工学/秦民坚,郭玉海主编.-北京:中国林业出版社,2008
    302页;26cm
    普通高等教育“十一五”国家级规划教材 高等院校中药和药用植物类专业系列教材
    
    ISBN 978-7-5038-4947-3:CNY31.00
    全书共分16章。前8章分别为绪论,中药材采收的理论基础,中药材产地初加工理论,中药材净制的方法及设备,中药材切制的方法及设备,中药材烘干方法及设备,中药材的包装、贮藏和运输,中药材提取物。第9-16章分另是根和根茎类、全草类、花类、果实种子类、皮类、菌类、动物类、矿物和树脂类药材的采收加工技术。
●
相关链接 在E读中查询图书 在五车中查询图书 在当当中查询图书 在豆瓣中查询图书


正题名:中药材采收加工学     索取号:R282.4/262         预约/预借

序号 登录号 条形码 馆藏地/架位号 状态 备注
1 0589233   205892337   第二样本阅览室/ [索取号:R282.4/262] 在馆    
2 0589234   205892346   第三借阅区/ [索取号:R282.4/262] 在馆    
3 0589235   205892355   第三借阅区/ [索取号:R282.4/262] 在馆    
4 0589236   205892364   第三借阅区/ [索取号:R282.4/262] 在馆    
5 0589237   205892373   第三借阅区/ [索取号:R282.4/262] 在馆    
唐山师范学院图书馆 欢迎您!
大连网信软件有限公司© 版权所有